000 01271nam a2200337Ic 4500
001 59971
003 CO-BoRNBP
005 20251113153632.0
007 ta
008 180109s20132015sp a g 000 0 spa d
020 _a9788425228490
040 _aCO-BoRNBP
_bspa
_erda
_cCO-BoRNBP
041 _aspa
082 0 4 _a764.8
_bM66t
_222
100 _aMooncie, Vanessa
_eaut
_967358
245 1 0 _aTaller de impresión manual :
_btécnicas, herramientas y proyectos para hacer en casa /
_cVanessa Mooncie ; traducción María Serrano.
250 _aPrimera edición
264 1 _aBarcelona, España :
_bEditorial Gustavo Gili,
_c2015
300 _a175 páginas :
_bilustraciones a color
336 _atexto
_btxt
_2rdacontent
337 _asin mediación
_bn
_2rdamedia
338 _avolumen
_bnc
_2rdacarrier
490 0 _aColección GG DIY
500 _aIncluye índice alfabético
505 0 _a1. Impresión en relieve -- 2. Serigrafía -- 3. Monotipo -- 4. Impresión solar -- 5. Transferencia y plantillas
545 _aIncluye datos biográficos de la autora al final del texto
650 0 7 _aDecoración de interiores
_2lemb
_967012
650 0 7 _aImpresión (artes graficas)
_xTécnicas
_2lemb
_967359
700 _aSerrano, Mariana
_etrl
_967360
942 _2ddc
_cBK
999 _c59971
_d59971